000 01362nam a2200193 a 4500
001 BRCA_8806
005 20190320210423.0
008 210417s--------ag-#######---#000-0#spa-#
041 _aspa
044 _asp
084 _aBE188
_b.V53
245 1 0 _aVida de Cristo (incompleto)
300 _a79 - 446 p. (t.6)
_c21.3 x 15 cm.
500 _aEstado físico: presenta encuadernación en pergamino, con cintas rotas, lomo desprendido y carece de portada
500 _aCon marca de fuego: “Procedencia de la marca: Colegio de la Santa Cruz de Querétaro(1)(2). Institución: Congregación de Propaganda Fide Descripción: Monograma ´SATO´ que se desata como San Antonio. Le sigue la abreviatura: ´Q´ de Querétaro. Corona el monograma y la inicial la palabra ´posto´ que podría hacer referencia a ´Apostólico´. Observaciones: Esta marca no se localiza en los catálogos impresos anteriores. La primera imagen de la marca de fuego corresponde al libro modelo ya que está más clara y definida. Sin embargo, el testimonio de pertenencia y la segunda imagen de la marca de fuego, pertenece al segundo ejemplar. Ubicación de la marca en el libro: Canto superior y frontal.”
856 _ahttp://www.marcasdefuego.buap.mx:8180/xmLibris/projects/firebrand/item.jsp?repository=marcas_de_fuego&key=422f0a15.xml&num=17
902 _aCFM
942 _2lcc
_cB
999 _c8457
_d8457